| 000 | 00603nam a2200205 4500 | ||
|---|---|---|---|
| 003 | OSt | ||
| 005 | 20240703082951.0 | ||
| 006 | a | ||
| 008 | 240703b |||||||| |||| 00| 0 eng d | ||
| 020 | _a9781418073435 | ||
| 040 |
_aDWCL-Main lib. _cOC |
||
| 082 | _aCirc. 621.381522 Al466 2008 | ||
| 110 | _aJoint Apprenticeship and Training Committee | ||
| 245 | _aAC theory / | ||
| 260 |
_aN. Y. : _bDelmar Cengage Learning, _cc2008. |
||
| 300 |
_axvi, _b354 p. : ill. ; _c29 cm. |
||
| 504 | _aIncludes index. | ||
| 650 | _a1. Electric circuits-Alternating current. | ||
| 942 |
_2ddc _n0 _cBK-CIRC _kCirc. |
||
| 999 |
_c1904 _d1904 |
||